书目信息 |
| 题名: |
化工原理习题精解
|
|
| 作者: | 何潮洪 , 窦梅 , 朱明乔 , 何潮洪 编 | |
| 分册: | 上册 | |
| 出版信息: | 北京 科学出版社 2003.01 |
|
| 页数: | 235页 | |
| 开本: | 23cm | |
| 丛书名: | 科学版习题精解系列 | |
| 单 册: | ||
| 中图分类: | TQ02-44 | |
| 科图分类: | ||
| 主题词: | 化工原理--hua gong yuan li--高等学校--解题 | |
| 电子资源: | ||
| ISBN: | 7-03-009539-1 | |
| 000 | 01206cam 2200361 450 | |
| 001 | CAL 012003050112 | |
| 005 | 20210407094229.78 | |
| 010 | @a7-03-009539-1@dCNY 20.00 | |
| 099 | @aCAL 012003050112 | |
| 100 | @a20030322d2003 em y0chiy0121 ea | |
| 101 | 0 | @achi |
| 102 | @aCN@b110000 | |
| 105 | @aak a 000yy | |
| 200 | 1 | @a化工原理习题精解@Ahua gong yuan li xi ti jing jie@h上册@f何潮洪等编@Fhe chao hong deng bian |
| 210 | @a北京@c科学出版社@d2003.01 | |
| 215 | @a235页@d23cm | |
| 225 | 2 | @a科学版习题精解系列@Ake xue ban xi ti jing jie xi lie@i化工类 |
| 304 | @a上册题名页其它责任者: 窦梅, 朱明乔, 叶向群 | |
| 311 | @a本书与《化工原理》本书配套使用 | |
| 320 | @a有书目 | |
| 410 | 0 | @12001 @a科学版习题精解系列 |
| 488 | 0 | @12001 @a化工原理@1701 0@a何潮洪, 冯霄主编@1210 @a北京@c科学出版社@d2001 |
| 606 | 0 | @a化工原理@Ahua gong yuan li@x高等学校@j解题 |
| 690 | @aTQ02-44@v4 | |
| 701 | 0 | @a何潮洪@Ahe chao hong@4编 |
| 701 | 0 | @a窦梅@ADou Mei@4编 |
| 701 | 0 | @a朱明乔@AZhu Ming Qiao@4编 |
| 701 | 0 | @a何潮洪@Ahe chao hong@4编 |
| 801 | 0 | @aCN@bXJT@c20030322 |
| 801 | 2 | @aCN@bSEU@c20031118 |
| 905 | @a10447@dTQ02-44@eH160:1 | |
| 906 | @dCNY20.00@n0@r1 | |
| 998 | @aXJT | |
| 化工原理习题精解.上册/何潮洪等编.-北京:科学出版社,2003.01 |
| 235页;23cm.-(科学版习题精解系列.化工类) |
| ISBN 7-03-009539-1:CNY 20.00 |
| ● |
| 相关链接 |
|
|
|
正题名:化工原理习题精解
索取号:TQ02-44/H160:1
 
预约/预借
| 序号 | 登录号 | 条形码 | 馆藏地/架位号 | 状态 | 备注 |
| 1 | 1504838 | 215048384 | 期刊室512/ [索取号:TQ02-44/H160:1] | 在馆 | |
| 2 | 539200 | 205392001 | 自科库501/501自科库 137排8列2层/ [索取号:TQ02-44/H160:1] | 在馆 | |
| 3 | 539201 | 205392010 | 自科库501/501自科库 137排8列2层/ [索取号:TQ02-44/H160:1] | 在馆 | |
| 4 | 539202 | 205392029 | 自科库501/ [索取号:TQ02-44/H160:1] | 在馆 |